书目信息 |
| 题名: |
中小学图书馆工作概论
|
|
| 作者: | 张树华 , 董焱 编著 | |
| 分册: | ||
| 出版信息: | 北京 海洋出版社 1993 |
|
| 页数: | 218页 | |
| 开本: | 19cm | |
| 丛书名: | ||
| 单 册: | ||
| 中图分类: | G258.69 | |
| 科图分类: | ||
| 主题词: | 学校图书馆 , 学校图书馆,小学 , 学校图书馆,中学 | |
| 电子资源: | ||
| ISBN: | 7-5027-1294-1 | |
| 000 | 00744nam0 2200253 45 | |
| 001 | 0197043449 | |
| 005 | 20040808091202.5 | |
| 010 | @a7-5027-1294-1@dCNY7.50 | |
| 100 | @a19971210e19971993em y0chiy0121 ea | |
| 101 | 0 | @achi |
| 102 | @aCN@b110000 | |
| 105 | @ak zg 000yy | |
| 200 | 10 | @a中小学图书馆工作概论@Azhong xiao xue tu shu guan gong zuo gai lun@f张树华,董焱编著@FZhang Shu Hua,Dong Yan Bian Zhu |
| 210 | @a北京@c海洋出版社@d1993 | |
| 215 | @a218页@d19cm | |
| 300 | @a中小学图书馆员业务培训教材 | |
| 606 | @a学校图书馆 | |
| 606 | 0 | @a学校图书馆,小学 |
| 606 | 0 | @a学校图书馆,中学 |
| 690 | @aG258.69@v4 | |
| 701 | 0 | @a张树华@4编著 |
| 701 | 0 | @a董焱@4编著 |
| 801 | 0 | @aCN@bNLC@c19971223 |
| 905 | @b335219-221@dG258.69@e12@f3 | |
| 中小学图书馆工作概论/张树华,董焱编著.-北京:海洋出版社,1993 |
| 218页;19cm |
| 中小学图书馆员业务培训教材 |
| ISBN 7-5027-1294-1:CNY7.50 |
| ● |
| 相关链接 |
|
|
|
|
正题名:中小学图书馆工作概论
索取号:G258.69/12
 
预约/预借
| 序号 | 登录号 | 条形码 | 馆藏地/架位号 | 状态 | 备注 |
| 1 | 0335219 | 203352193 | 第四借阅区/ [索取号:G258.69/12] | 在馆 | |
| 2 | 0335220 | 203352200 | 第四借阅区/ [索取号:G258.69/12] | 在馆 | |
| 3 | 0335221 | 203352219 | 第一样本阅览室/ [索取号:G258.69/12] | 在馆 |